00968nam a2200229 a 450000100100000000500170001000800410002704000250006808200180009310000250011124501110013626000360024730000210028359000750030465000350037965000270041470000450044191000370048604900090052395201890053299900170072100003478320200930073912.0111019s1959 ag 000 0 spa d aDO-SdBNPbspacBNPHU a146.32bT772f1 aTran-Duc-Thao96027510aFenomenología y materialismo dialéctico /cTran-Duc-Thao ; traducción y prólogo Raúl Sciarretta. aBuenos Aires :bLautaro,c1959. a312 p. ;c20 cm. aPerteneció a la biblioteca personal de Juan Isidro Jimenes Grullón 4aMaterialismo dialéctico9845 4aFenomenología91130312aSciarretta, Raúl,etr., pról.960276 aValidado. Control de calidad MFF aBNGR 001050718RVaGRbGRcHDd2011-10-19iLF1l0o146.32 T772fp34783-10r2020-06-25w2020-06-25y1zPerteneció a la biblioteca personal de Juan Isidro Jimenes Grullón.ZNo se presta c34274d34274